ბათუმის შოთა რუსთაველის სახელმწიფო უნივერსიტეტის ბიბლიოთეკა

Римская сатира / (ბიბ.ჩანაწერი № 61205)

000 -LEADER
fixed length control field 00615nam a22001457a 4500
005 - DATE AND TIME OF LATEST TRANSACTION
control field 20240108121010.0
008 - FIXED-LENGTH DATA ELEMENTS--GENERAL INFORMATION
fixed length control field 240108s1957 ru ||||| |||| 00| 0 rus d
041 ## - LANGUAGE CODE
Language code of text/sound track or separate title rus
080 ## - UNIVERSAL DECIMAL CLASSIFICATION NUMBER
Universal Decimal Classification number 821.124-17 P-51
245 ## - TITLE STATEMENT
Title Римская сатира /
Remainder of title Гораций Персий Сенека Петроний Ювена Сульпиция Аноним.
264 ## - PRODUCTION, PUBLICATION, DISTRIBUTION, MANUFACTURE, AND COPYRIGHT NOTICE
Place of production, publication, distribution, manufacture Москва :
Name of producer, publisher, distributor, manufacturer Государственное издательство Художественной литературы,
Date of production, publication, distribution, manufacture, or copyright notice 1957.
300 ## - PHYSICAL DESCRIPTION
Extent 320 см.;
Other physical details 27 см.
653 ## - INDEX TERM--UNCONTROLLED
keyword რომაული სატირა
942 ## - ADDED ENTRY ELEMENTS (KOHA)
Source of classification or shelving scheme
Koha item type წიგნი
ეგზემპლარები
Withdrawn status Lost status Source of classification or shelving scheme Damaged status Not for loan Permanent Location Current Location Shelving location Date acquired Cost, normal purchase price Full call number Barcode Date last seen Copy number Uniform Resource Identifier Price effective from Koha item type Public note
          ბათუმის შოთა რუსთაველის სახელმწიფო უნივერსიტეტის მთავარი ბიბლიოთეკა ბათუმის შოთა რუსთაველის სახელმწიფო უნივერსიტეტის მთავარი ბიბლიოთეკა წიგნსაცავი 2024-01-08 10.00 821.124-17 P-51 65721 2024-01-08 65721 ბსუ-ს საპატიო დოქტორის გურამ ლორთქიფანიძის საჩუქარი 2024-01-08 წიგნი 10 ლ.